Effect of utilizing fertilizers on ir66 rice variety at chherteal village, prek anchanh commune,mokampaul district, kandal province ប្រសិទ្ធិភាពនៃការប្រើប្រាស់ជីផ្សេងៗគ្នាលើពូជស្រូវអ៊ីអ៊ែ៦៦​នៅភូមិឈើទាល ឃុំព្រែកអញ្ចាញ ស្រុកមុខកំពូល ខេត្តកណ្តាល (Record no. 1086)

000 -LEADER
fixed length control field 00818nam a22001577a 4500
003 - CONTROL NUMBER IDENTIFIER
control field OSt
005 - DATE AND TIME OF LATEST TRANSACTION
control field 20150922160704.0
008 - FIXED-LENGTH DATA ELEMENTS--GENERAL INFORMATION
fixed length control field 150922b xxu||||| |||| 00| 0 eng d
040 ## - CATALOGING SOURCE
Transcribing agency RUA
082 ## - DEWEY DECIMAL CLASSIFICATION NUMBER
Classification number AGR LON 2010 B046 Or.1
100 ## - MAIN ENTRY--PERSONAL NAME
9 (RLIN) 1136
Personal name LONH, LENON
245 ## - TITLE STATEMENT
Title Effect of utilizing fertilizers on ir66 rice variety at chherteal village, prek anchanh commune,mokampaul district, kandal province ប្រសិទ្ធិភាពនៃការប្រើប្រាស់ជីផ្សេងៗគ្នាលើពូជស្រូវអ៊ីអ៊ែ៦៦​នៅភូមិឈើទាល ឃុំព្រែកអញ្ចាញ ស្រុកមុខកំពូល ខេត្តកណ្តាល
260 ## - PUBLICATION, DISTRIBUTION, ETC. (IMPRINT)
Place of publication, distribution, etc. Phnom penh
Name of publisher, distributor, etc. RUA
Date of publication, distribution, etc. 2010
300 ## - PHYSICAL DESCRIPTION
Extent xi, 57p.
Other physical details ill.
Dimensions 29cm.
942 ## - ADDED ENTRY ELEMENTS (KOHA)
Source of classification or shelving scheme
Koha item type AGR

No items available.

មជ្ឈមណ្ឌលឯការនៃសាកលវិទ្យាល័យភូមិន្ទកសិកម្មចំការដូង

Powered by Koha